Normal view
MARC view
Entry Personal Name
001 - CONTROL NUMBER
- control field: 46787
003 - CONTROL NUMBER IDENTIFIER
- control field: dpl
005 - DATE AND TIME OF LATEST TRANSACTION
- control field: 20120510111421.0
008 - FIXED-LENGTH DATA ELEMENTS
- fixed length control field: 120510|||a|||||| | ||| d
040 ## - CATALOGING SOURCE
- Original cataloging agency: dpl
- Transcribing agency: dpl
100 ## - HEADING--PERSONAL NAME
- Personal name: Bal Ram Singh
670 ## - SOURCE DATA FOUND
- Source citation: Work cat.: (dpl): 46773, Origin of Indian civilization /, 2010
670 ## - SOURCE DATA FOUND
- Source citation: Work cat.: (dpl): 46773, Origin of Indian civilization /, 2010
